|
|
|
|
| LEADER |
00000nas a2200000 4500 |
| 001 |
vtls012281724 |
| 003 |
SK-MaSNL |
| 005 |
20260228162101.0 |
| 008 |
250821d17151844xo ar 000 00lat |
| 015 |
|
|
|a SNBHFB
|
| 040 |
|
|
|a SNKHF
|b slo
|c SNKHF
|e rda
|
| 041 |
0 |
|
|a lat
|
| 044 |
|
|
|a xo
|a hu
|c SK
|c HU
|
| 072 |
|
7 |
|a 34
|x Právo
|2 konspekt
|
| 080 |
|
|
|a (051)-048.55
|2 2011
|
| 080 |
|
|
|a 343.227
|2 2011
|
| 245 |
0 |
0 |
|a Articuli Diaetales Posonienses Anni ...
|
| 246 |
3 |
3 |
|a Articuli Diaetales Anni ...
|
| 264 |
|
3 |
|a Posonii
|a Pestini
|b Typis Michaelis Landerer De Füskút
|c [1715-1844]
|
| 300 |
|
|
|c 16 cm
|
| 310 |
|
|
|a 1x ročne
|
| 336 |
|
|
|a text
|b txt
|2 rdacontent
|
| 337 |
|
|
|a bez média
|b n
|2 rdamedia
|
| 338 |
|
|
|a zväzok
|b nc
|2 rdacarrierr
|
| 362 |
0 |
|
|a [1715-1844]
|z OSZK Katalógus-Amicus/2014
|
| 500 |
|
|
|a Súčasťou názvu je označenie roku
|
| 561 |
|
|
|a Proveniencia: pečiatka Dr. E. Kadarász - ver. not. poz. Margity Zayovej Čís. 13266.
|5 SNK ČSD 2511/1802
|
| 561 |
|
|
|a Proveniencia: pečiatka Dr. E. Kadarász - ver. not. poz. Margity Zayovej Čís. 13269.
|5 SNK ČSD 2511/1808
|
| 650 |
0 |
7 |
|a zákony
|2 SNKPH
|9 1156
|
| 655 |
|
7 |
|a špecializované časopisy
|2 SNKPH
|9 70509
|
| 852 |
|
|
|a snk
|b Zaiova knižnica: Zay 12491
|p ČSD 2511/1802
|
| 852 |
|
|
|a snk
|b Zaiova knižnica: Zay 12494
|p ČSD 2511/1808
|
| 958 |
|
|
|a DF
|
| 999 |
|
|
|c 6754
|d 8684
|
| 952 |
|
|
|0 0
|1 0
|4 0
|7 0
|8 5
|a SNK
|b SNK
|c SNK_HF
|d 2025-08-22
|i snk2025/13335
|l 0
|o snkČSD 2511/1808
|p 17A1568357
|r 2026-02-21 22:34:34
|t Zay 12494
|w 2026-02-21
|y PREZ
|
| 952 |
|
|
|0 0
|1 0
|4 0
|7 0
|8 5
|a SNK
|b SNK
|c SNK_HF
|d 2025-08-22
|i snk2025/13334
|l 0
|o snkČSD 2511/1802
|p 17A1568358
|r 2026-02-21 22:34:36
|t Zay 12491
|w 2026-02-21
|y PREZ
|